| 000 | 01507nam0a2200373 4500 | ||
|---|---|---|---|
| 001 | RU\NLR\bibl\1161609 | ||
| 005 | 20260405163310.0 | ||
| 010 |
_a978-5-93642-111-2 _930000 |
||
| 021 |
_aRU _b2007-72313 _93892 |
||
| 035 | _a(nilc)EL/0000157745 | ||
| 035 | _aRUM0037602 | ||
| 035 | _a(NLR Aleph) 001148357 | ||
| 090 |
_a1461742 _c1461742 |
||
| 100 | _a20071113d2007 |||y0rusy50 ca | ||
| 101 | 0 | _arus | |
| 102 | _aRU | ||
| 105 | _aa ||||||||| | ||
| 200 | 1 |
_aКамины и печи _e[камины и печи наиболее распространенных типов и модификаций _fавт.-сост. Левадный В.С.] |
|
| 210 |
_aМосква _cАделант _d2007 |
||
| 215 |
_a430,[1] с., [8] л. цв. ил. _cил. _d21 |
||
| 225 | 1 | _aСвоими руками | |
| 606 | 1 |
_aКомнатные печи _91360516 _3RU\NLR\auth\66254729 |
|
| 606 | 1 |
_aКамины _91266474 _3RU\NLR\auth\66520653 |
|
| 610 | 0 |
_aпечи _aкамины _aтрубы _aтопливо _aпечные работы _aэксплуатация _aремонт _aпожарная безопасность |
|
| 675 |
_a631.21 _v4 |
||
| 686 |
_a75.35.89 _2rugasnti |
||
| 686 | _aН762.107.101 | ||
| 702 | 1 |
_4220 _8rus _7ca _aЛевадный _bВ. С. _cпопуляризатор _3RU\NLR\AUTH\7769456 _952384 |
|
| 801 | 0 |
_aRU _bЦНСХБ РАСХН _c20071113 _gRCR |
|
| 801 | 1 |
_aRU _bЦНСХБ РАСХН _c20071127 |
|
| 801 | 2 |
_aRU _bNLR _c20071130 _grcr |
|
| 942 | _cBOOK | ||
| 980 | _aNB | ||